000 00988nam a2200265 i 4500
001 73275
003 ES-MaACL
005 20250819074340.0
007 t|
008 040923s2004 sp ||||1| spa d
020 _a84-609-0167-X
080 _a929-054.7(=1.460:100)"19"
080 _a329.23(460)"18/19"
245 0 4 _aLos grandes olvidados
_b: los republicanos de izquierda en el exilio /
_cAngeles Egido León, Matilde Eiroa San Francisco (Eds.).
260 _aMadrid :
_bCentro de Investigación y Estudios Republicanos,
_c[2004]
300 _a530 p., [16] p. de lám. ;
_c24 cm.
504 _aBibliografía: p. 467-502.
650 1 4 _aExiliados españoles.
_912656
650 4 _aRepublicanismo-
_zEspaña.
_916856
700 1 _aEgido León, María de los Angeles.
_946734
700 1 _aEiroa San Francisco, Matilde.
_946848
710 2 _aCentro de Investigación y Estudios Republicanos
_92704
852 _aES-MaACL
_jL-28159
_bR.133938
999 _c73275
_d73275